| 000 | 00455nam a22001697a 4500 | ||
|---|---|---|---|
| 003 | OSt | ||
| 005 | 20260223121225.0 | ||
| 008 | 241102b |||||||| |||| 00| 0 eng d | ||
| 020 | _a9780323711012 | ||
| 040 |
_aSRHU _bEnglish _cSRHU |
||
| 082 |
_223rd _a616.0472 |
||
| 245 |
_a Practical Management of Pain _c Benzon, Honorio T |
||
| 250 | _a6th | ||
| 260 |
_aPhildelphia _bElsevier _c2023 |
||
| 300 |
_axxiv,1175p _c28cm |
||
| 942 |
_2ddc _cPT _e6th |
||
| 999 |
_c19185 _d19185 |
||